| 000 | 00470nam a2200121Ia 4500 | ||
|---|---|---|---|
| 008 | 220216s9999 xx 000 0 und d | ||
| 100 | _aMallu P | ||
| 245 | 0 | _aSynthesis and characterization of castor oil based polyurethane and polyacrylaates interpenetrating polymer networks | |
| 260 |
_bProceedings of the International Conference on Rubbers, Calcutta, December 12-14, 1997, Vol. II, pp. 225-228. _c1997 |
||
| 700 | _aSiddaramaiah | ||
| 700 | _aSriram R | ||
| 942 | _cJS | ||
| 999 |
_c70126 _d70126 |
||